000 00827nam a2200217 a 4500
005 20230616063538.0
008 991125s1989 zam 000 0 spa u
035 _aUPN01000000514
049 _aCG
050 4 _aLC5309 U6
_bL186
100 1 _aHerrera Alvarez, Rafael
245 1 0 _aActividad integradora 3, 4 y 5 :
_bproyecto /
_cRafael Herrera Alvarez, Irma Marcela Puente Pérez.
260 _aZamora, Mich. :
_bR. Herrera Alvarez,
_c1989.
300 _a76 h. (varias paginaciones)
500 _a"Licenciatura en Educación Básica, seminario"
500 _a"Sistema de Educación a Distancia. Unidad 162"
650 4 _aDeserción escolar
_96083
700 2 _aPuente Pérez, Marcela,
_ecoaut.
710 2 _aUniversidad Pedagógica Nacional (México).
_bSistema de Educación a Distancia.
_bUnidad 162
_928247
905 _aLibro
999 _c514
_d514